Jugadores Rumania - Estadísticas

Estadísticas generales
  • Esta prueba ha sido intentada 12 veces
  • La puntuación promedio es 7 de 20
Estadísticas de respuestas
Imagen Respuesta % Correcto
Ratiu
100%
Hagi
90%
Dragusin
80%
Stanciu
70%
Tatarusanu
70%
Man
50%
Coman
40%
Marin
40%
Moldovan
40%
Radu
40%
Mitrita
30%
Mihaila
20%
Radu
20%
Birligea
10%
Dragus
10%
Maxim
10%
Olaru
10%
Boloca
0%
Munteanu
0%
Nistor
0%
No se encontraron pruebas coincidentes
Distribución de puntuación
Porcentaje de gente con cada puntuación
Porcentaje por número respondido
Historial de tus puntuaciones
No has intentado esta prueba.